000 00497nam a2200181Ia 4500
005 20250508153250.0
008 008 250505s9999 xx 000 0 eng d
037 _aTextual
040 _aFEDL
_beng
_cFEDL
041 _aeng
_2eng
084 _a791.1, GIE
_qFEDL
100 _aGielgud John
_9597201
245 0 _aStage directions
260 _aLondon, UK
_bHeinemann Educational Books Ltd.
_c1963
300 _axiv,146p
942 _cTEXL
_h791.1, GIE
999 _c1341616
_d1341616